| 000 | 01106cam a22003377a 4500 | ||
|---|---|---|---|
| 003 | CHAP | ||
| 005 | 20220817042038.0 | ||
| 008 | 971013s1977 r 00010 d | ||
| 010 | _a32911 | ||
| 011 | _a33883 | ||
| 035 | _a37999 | ||
| 040 | _cCHAP | ||
| 082 |
_a333.0972 _bL6 |
||
| 100 | 0 | 0 |
_aLópez Zamora, Emilio. _968439 |
| 245 | 1 | 3 | _aEl agua, la tierra; los hombres de México |
| 260 |
_aMéxico : _bFondo de Cultura Económica, _c1977 |
||
| 300 | _a333 p. | ||
| 490 | 0 | _aSección de obras de economía | |
| 590 |
_aBATCH-UPD _b10 _c20130110 _lUCH01 _h0017 |
||
| 590 |
_aBATCH-UPD _b10 _c20130110 _lUCH01 _h0952 |
||
| 590 |
_aBATCH-UPD _b10 _c20130409 _lUCH01 _h1955 |
||
| 590 |
_aBATCH-UPD _b10 _c20130410 _lUCH01 _h0606 |
||
| 590 |
_aBATCH-UPD _b10 _c20130914 _lUCH01 _h1734 |
||
| 590 |
_aCONVERSION _b10 _c20130109 _lUCH01 _h1319 |
||
| 650 | 1 | 4 |
_aAgua _xAprovechamiento _xMexico. _92297 |
| 650 | 1 | 4 |
_aTierras _xTenencia _zMéxico. _9113215 |
| 830 | 0 | _aSección de obras de economía | |
| 901 | _aBK | ||
| 942 | _cLIBRO | ||
| 949 |
_a333.0972 L6 _bBC _cLIBRO _d33724000324257 _eLIBRO _h12206 _i37999 _si _t130.00 |
||
| 999 |
_c32911 _d32911 |
||